000 00286nam a22001337a 4500
008 190227b xxu||||| |||| 00| 0 eng d
020 _a9780131984936
041 _aeng
080 _a330
100 _a58
101 _aBIZ
245 _aBusiness Law
_cCheeseman, H,R
942 _2udc
_cBK
999 _c54355
_d54355